Statistics for Anime Protagonists

Click here to take the quiz!

General Stats

  • This quiz has been taken 4,869 times
  • The average score is 7 of 10

Answer Stats

HintAnswer% Correct
Dragonball/ Dragonball ZGoku
96%
PokémonAsh Ketchum
95%
One PieceLuffy
95%
BleachIchigo
87%
Fairy TailNatsu Dragneel
79%
Yu-Gi-OhYugi Moto
74%
Fullmetal AlchemistEdward Elric
66%
Soul EaterMaka Albern
43%
Tengan Toppa Gurren LagannSimon
30%
Yu-Gi-Oh GXJaden Yuki
27%

Score Distribution

Percentile by Number Answered

Percent of People with Each Score

Your Score History

You have not taken this quiz